| 000 | 01718cam a22003977a 4500 | ||
|---|---|---|---|
| 003 | CHAP | ||
| 005 | 20220817043854.0 | ||
| 008 | 021129d2001 bd rs 00010 spa d | ||
| 010 | _a86722 | ||
| 011 | _a87694 | ||
| 020 | _a9701334108 | ||
| 035 | _a98238 | ||
| 040 | _cCHAP | ||
| 082 | 0 | 4 |
_a312.0972 _bM49c 2000 Tlax. |
| 110 | 2 |
_aInstituto Nacional de Estadística, Geografía e Informática. México _959304 |
|
| 245 | 1 | 0 |
_aCenso general de población y vivienda (12o.) 2000: _bTlaxcala _c/por INEGI |
| 260 |
_aAguascalientes, Ags. : _bInstituto Nacional de Estadística, Geografía e Informática, _c2001 |
||
| 300 |
_av. : _bgráfs. ; mapas ; cuadros |
||
| 500 | _aLa biblioteca tiene: v.1 al 4 Tabulados Basicos. -- v.5 Perfil sociodemográfico | ||
| 590 |
_aBATCH-UPD _b10 _c20130110 _lUCH01 _h0207 |
||
| 590 |
_aBATCH-UPD _b10 _c20130110 _lUCH01 _h1718 |
||
| 590 |
_aBATCH-UPD _b10 _c20130410 _lUCH01 _h1102 |
||
| 590 |
_aBATCH-UPD _b10 _c20130914 _lUCH01 _h1822 |
||
| 590 |
_aCONVERSION _b10 _c20130109 _lUCH01 _h1348 |
||
| 650 | 1 | 4 |
_aMéxico _xCensos. |
| 650 | 1 | 4 |
_aPoblación _xEstadísticas _zTlaxcala. _989401 |
| 650 | 1 | 4 |
_aVivienda _xTlaxcala. _9120149 |
| 901 | _aBK | ||
| 905 | _aMarco A. Mendoza T. | ||
| 942 | _cLIBRO | ||
| 949 |
_a312.0972 M49c 2000 Tlax. _bBC _cINEGI _d33724000880639 _eINEGI _fv.1 _h103322 _i98238 _sb |
||
| 949 |
_a312.0972 M49c 2000 Tlax. _bBC _cINEGI _d33724000880647 _eINEGI _fv.2 _h103371 _i98238 _sb |
||
| 949 |
_a312.0972 M49c 2000 Tlax. _bBC _cINEGI _d33724000885695 _eINEGI _fv.3 _h103372 _i98238 _sb |
||
| 949 |
_a312.0972 M49c 2000 Tlax. _bBC _cINEGI _d33724000885703 _eINEGI _fv.4 _h103374 _i98238 _sb |
||
| 949 |
_a312.0972 M49c 2000 Tlax. _bBC _cINEGI _d33724000912424 _eINEGI _fv.5 _h104140 _i98238 _sb |
||
| 999 |
_c86722 _d86722 |
||